000 00260nam a2200097Ia 4500
001 690111
005 20250826161810.0
008 250824s9999 xx 000 0 und d
245 0 _aTOM SAWYERİN MACERALARI
_cMARK TWAIN
260 _bTÜRKİYE İŞ BANKASI YAYINLARI
999 _c690111
_d690111